Illustrated encyclopedia of science and nature : The human body II

Bibliographic Details
Format: Book
Published: China : Educational Technologies limited , 2004
Series:Life sciences 26
Subjects:

MARC

LEADER 00000cam a2200000 7i4500
001 0000069046
005 20170102.0
008 170102
020 |a 9628851543 
090 0 0 |a 611   |b ILL 
245 0 0 |a Illustrated encyclopedia of science and nature :   |b The human body II 
260 |a China :   |b Educational Technologies limited ,   |c 2004 
300 |a 79p. :   |b col.ill 
490 1 |a Life sciences 26 
650 0 |a Human body   |x Encyclopedias 
999 |a 0000947081   |b Book   |c REFERENCE   |e Cawangan Tangkak